London Postal Codes to Areas - Statistics

General Stats
  • This quiz has been taken 26 times
  • The average score is 140 of 223
Answer Stats
Hint Answer % Correct
Camden Town / Regent's Park NW1
92%
Park Royal / Harlesden / Neasden NW10
92%
Hampstead Garden NW11
92%
Cricklewood NW2
92%
Belsize Park / Hampstead Heath NW3
92%
Hendon NW4
92%
Kentish Town / Dartmouth Park NW5
92%
Kilburn / West Hampstead NW6
92%
Mill Hill / East Edgware NW7
92%
St John's Wood / Lisson Grove NW8
92%
Kingsbury / Colindale NW9
92%
Barnsbury Estate / Islington / West Dalston N1
88%
Belgravia / Westminster SW1
88%
West Chelsea / Coleridge Gardens SW10
88%
Battersea / Clapham Junction SW11
88%
Clapham Park SW12
88%
Barnes / Castelnau SW13
88%
Streatham / Norbury SW16
88%
Grosvenor Way / Tooting Broadway & Bec SW17
88%
Wandsworth / Earlsfield SW18
88%
Wimbledon / Colliers Wood SW19
88%
Tulse Hill / South Brixton SW2
88%
Raynes Park / Copse Hill SW20
88%
Chelsea SW3
88%
Clapham Common / Clapham North SW4
88%
Earl's Court SW5
88%
Fulham / Hurlingham SW6
88%
North Brixton / Myatt's Field SW9
88%
Ealing / Hanger Hill W5
88%
Ravenscourt Park / Hammersmith W6
88%
Hanwell W7
88%
Whitechapel / Shadwell / Stepney E1
83%
Little Ilford / East Aldersbrook E12
83%
Plaistow E13
83%
Isle of Dogs / Limehouse / Poplar E14
83%
Stratford Maryland / West Ham E15
83%
Canning Town / Custom House / Silvertown E16
83%
Walthamstow E17
83%
South Woodford E18
83%
Hoxton / Bethnal Green E2
83%
Bow / Mile End E3
83%
Sewardstone / Chingford (& Mount & Hatch) E4
83%
Clapton (Upper & Lower) E5
83%
East Ham / Beckton Park E6
83%
Muswell Hill N10
83%
New Southgate / Friern Barnet N11
83%
Woodside Park / North Finchley N12
83%
Palmers Green / Hedge Lane N13
83%
Duckett's Green / South Tottenham N15
83%
Clissold / Stoke Newington / Stamford Hill N16
83%
Bruce Grove / Tottenham N17
83%
Silver Street / Meridian Water N18
83%
Archway / Tufnell Park N19
83%
East Finchley N2
83%
Finchley / Church End N3
83%
Finsbury Park / Harringay N4
83%
Highbury N5
83%
Highgate N6
83%
Holloway Rd / Hilldrop Estate N7
83%
Crouch End / Hornsey N8
83%
Edmonton / Jubilee Park N9
83%
Waterloo / Southwark / West Bermondsey SE1
83%
Abbey Wood / Bostall Heath SE2
83%
Blackheath / Vanbrugh Park / Kidbrooke SE3
83%
Brockley / Crofton Park SE4
83%
Camberwell / Denmark Hill SE5
83%
Catford / Bellingham SE6
83%
Charlton (& Park) SE7
83%
Roehampton / Putney SW15
83%
South Kensington / Royal Albert Hall SW7
83%
Patmore Estate / Nine Elms SW8
83%
Marylebone / Fitzrovia W1
83%
Westbourne Green / Paddington W2
83%
Acton W3
83%
Chiswick / Bedford Park W4
83%
Kensington / Palace Green W8
83%
Leyton Grange (& Midland Rd) / Lee Valley E10
79%
Leytonstone / Wanstead E11
79%
Forest Gate / Wanstead Park E7
79%
East Dalston / West Hackney E8
79%
East Hackney (& Wick) / Homerton E9
79%
Arnos Grove / Southgate / Oakwood N14
79%
Totteridge / Whetstone N20
79%
Grange Park / Winchmore Hill N21
79%
Wood Green / Bowes Park N22
79%
Greenwich (Peninsula & Park) SE10
79%
Lambeth / Kennington SE11
79%
Lee / Chinbrook SE12
79%
Lewisham / Hither Green SE13
79%
New Cross Gate / Telegraph Hill SE14
79%
Deptford / St Johns SE8
79%
Eltham / Mottingham / Avery Hill SE9
79%
West Ealing W13
79%
West Kilburn / Maida Vale W9
79%
Peckham / Willowbrook Estate SE15
75%
Woolwich / Plumstead / Shooters Hill SE18
75%
Crystal Palace / Upper Norwood SE19
75%
Anerley / Penge SE20
75%
Dulwich Park / Kingswood Estate SE21
75%
Dulwich (& North & East) SE22
75%
Honor Oak / Forest Hill SE23
75%
Brockwell Park / Herne Hill SE24
75%
Selhurst / South Norwood SE25
75%
Upper & Lower Sydenham SE26
75%
Norwood SE27
75%
Thamesmead / Belmarsh SE28
75%
Mortlake / Sheen Common SW14
75%
Kensal Town / North Kensington W10
75%
White City / Sheperd's Bush West W12
75%
Holland Park / West Kensington W14
75%
Stratford (Olympic Park) E20
71%
Bermondsey / Rotherhithe SE16
71%
Walworth / Elephant & Castle SE17
71%
Notting Hill / Kensington Park W11
71%
South Croydon / Sanderstead / Selsdon CR2
58%
Bromley (North & East) / Bickley / Downham BR1
54%
Bromley (West/South/Common) / Keston / Hayes BR2
54%
Beckenham / Elmers End / Eden Park BR3
54%
West Wickham / Park Langley / Coney Hall BR4
54%
Petts Wood / St Mary Cray / St Paul's Cray BR5
54%
Orpington / Goddington / Farnborough BR6
54%
Mitcham (& Junction & Common) / Eastfields CR4
54%
Coulsdon / Netherne CR5
54%
Thornton Heath CR7
54%
Purley / Kenley CR8
54%
Croydon-wide ; Isolated areas CR9
54%
Clerkenwell / Farringdon EC1
54%
Moorgate / Barbican EC2
54%
Aldgate / Tower Hill EC3
54%
Blackfriars / Cannon Street EC4
54%
Bloomsbury / King's Cross WC1
54%
Covent Garden / Holborn WC2
54%
Elmstead / Chislehurst BR7
50%
East Enfield / Turkey St / Bush Hill Park EN1
50%
Ponders End / Brimsdown / Bullsmoor EN3
50%
Hadley Wood / Cockfosters / E Barnet Village EN4
50%
Barnet (& New) / Arkley EN5
50%
Kingston Upon Thames (Central & Southeast) KT1
50%
Kingston U.T. (North & East) / Coombe Hill KT2
50%
New Malden / Motspur Park KT3
50%
Worcester Park KT4
50%
Berrylands / East Tolworth KT5
50%
Surbiton / Long Ditton / Tolworth KT6
50%
West Enfield / Chase Side / World's End EN2
46%
Harrow (& School) HA1
46%
South & North Harrow / Headstone Manor HA2
46%
Headstone / Kenton / Woodcock Park HA3
46%
Ruislip (& Manor, Gardens, South) HA4
46%
Eastcote / Pinner / Hatch End HA5
46%
Northwood / Moor Park / Eastbury HA6
46%
Stanmore / Centenary Park HA7
46%
Burnt Oak / Edgware / Broadfields Estate HA8
46%
Wembley HA9
46%
Romford / Rise Park RM1
46%
Gidea Park / Raphael Park RM2
46%
Harold Hill (& Park & Wood) / Central Park RM3
46%
Bournebridge / Stapleford Abbotts RM4
46%
Collier Row RM5
46%
Marks Gate / Chadwell Heath RM6
46%
Rush Green / West Romford RM7
46%
Valence Park / Becontree Ave RM8
46%
Parsloes Park / Becontree RM9
46%
Dagenham (& East) RM10
42%
Emerson Park / North Hornchurch RM11
42%
South Hornchurch / Elm Park RM12
42%
Upminster RM14
42%
Sutton / Benhilton SM1
42%
Cheam / West Sutton (between A24 & A217) SM3
42%
Morden (& Lower) SM4
42%
Carshalton (& Beeches & Hill) / The Wrythe SM5
42%
Hackbridge / Wallington / South Beddington SM6
42%
Banstead SM7
42%
Twickenham (& East) / St Margarets TW1
42%
South Richmond (& Park) / Petersham / Ham Common TW10
42%
Twickenham (& West) / Whitton TW2
42%
Hounslow / Lampton TW3
42%
Hounslow Heath / Hounslow West TW4
42%
Heston / Cranford Park TW5
42%
Heathrow Airport TW6
42%
Isleworth / Spring Grove / Osterley TW7
42%
Brentford / Syon Park TW8
42%
Kew Gardens / Richmond (& North) TW9
42%
Southall (& North) / Dormer's Wells UB1
42%
Hillingdon (& North) / Ickenham UB10
42%
Stockley Park UB11
42%
Southall (South & Green) / North Hyde UB2
42%
Hayes End / Belmore / Yeading UB4
42%
Northolt (& Park) / Lime Tree Park UB5
42%
Greenford / Horsenden / Sudbury Hill UB6
42%
West Drayton / Harmondsworth UB7
42%
Uxbridge / Cowley / Colham Green UB8
42%
Denham / Harefield UB9
42%
Beddington / Croydon / Addiscombe / Addington (& New) CR0
38%
North Wembley / Sudbury / Alperton HA0
38%
South Sutton / Belmont / East Ewell SM2
38%
Teddington TW11
38%
Hampton (& North) / Hampton Hill TW12
38%
Feltham (& Lower) / Hanworth Park TW13
38%
Feltham (North & West) / Bedfont Lakes TW14
38%
Harlington / Hayes (& Town) UB3
38%
Ilford / Loxford / Valentines Park IG1
33%
Loughton / Debden IG10
33%
Barking / Upney / Thamesview IG11
33%
Gants Hill / Newbury Park IG2
33%
Seven Kings / Goodmayes IG3
33%
Redbridge IG4
33%
Clayhall IG5
33%
Fullwell Cross / Fairlop / Hainault IG6
33%
Chigwell / Grange Hill IG7
33%
Woodford (& Green & Bridge) IG8
33%
Buckhurst Hill IG9
33%
Chessington KT9
33%
Rainham RM13
33%
Blendon / Bexley / Coldblow DA5
25%
Bexleyheath DA6
25%
North Bexleyheath / Barnehurst DA7
25%
Erith / Slade Green DA8
25%
Lamorbey / Blackfen DA15
21%
Falconwood / Welling / Stevens Park DA16
21%
Belvedere / Lesnes Abbey DA17
21%
Yarnton Way / Woodland Way DA18
21%
St Katharine's & Wapping E1W
17%
King's Cross Station N1C
8%
No matching quizzes found
Score Distribution
Percent of People with Each Score
Percentile by Number Answered
Your Score History
You have not taken this quiz